000 00742cam a2200205 4500
001 WB3802-09
008 020115n2002 000 0 eng u
035 _a(Sirsi) u116302
245 _aEuro to standardise rent quotes
260 _c2002
490 _aProperty Week
_v67(1) 11 January 2002, 17(1)
520 _aJones Lang Lasalle research department has issued a report, "New year, new money: Europe's property market wakes up to the reality of the euro", predicting that the euro will standardise rent quotations.
590 _aWB
650 _aRENTAL PRICES
650 _aEURO
650 _aEUROPEAN UNION
650 _aECONOMIC MONETARY UNION
690 _aPROPERTY-COMMERCIAL PROPERTY-COMMERCIAL PROPERTY MARKET
942 _n0
999 _c69281
_d69281